000
00209 a2200097 4500
001
4303
100
_a
West,J.C
245
_a
Text book of servomechanisms Pt II
260
_a
_b
Eng U.P
_c
090
_c
3519
_d
3519
942
_a
NUST-CAE
_c
M
_c
27991
999
_c
239376
_d
239376